| 000 | 01019nas a2200325 4500 | ||
|---|---|---|---|
| 001 | BR2012003699 | ||
| 003 | BR-BrBNA | ||
| 005 | 20231205120609.0 | ||
| 007 | ta | ||
| 008 | 230509b bl.|||p| |||| 00| 00por d | ||
| 040 |
_aBR-BrBNA _bpor _cBiblioteca Nacional de Agricultura |
||
| 041 | _a(En) | ||
| 072 | _aQ04; E73 | ||
| 100 | 1 | _aParisenti, J. | |
| 100 | 1 | _aBrito, C.C. da S. | |
| 100 | 1 | _aTramonte, V.L.C.G. | |
| 100 | 1 | _aBeirão, L.H. | |
| 100 | 1 | _aMoreira, C.C. | |
| 100 | 1 | _aOurique, F. | |
| 245 | 1 | _aTotal carotenoid content of shrimp commercialized in Florianopolis/SC and evaluation of color preference for consumers | |
| 650 | _aCAMARÃO | ||
| 650 | _aCONSUMIDOR | ||
| 650 | _aPREFERÊNCIA ALIMENTAR | ||
| 650 | _aCAROTENOIDE | ||
| 650 | _aCOMPOSIÇÃO QUÍMICA | ||
| 650 | _aANÁLISE ORGANOLÉPTICA | ||
| 773 | 0 |
_tAlimentos e Nutrição (Brazil) _xISSN 0103-4235 _g(Jan-Mar 2011), v. 22(1) p. 17-20 _wBR2012003699 |
|
| 909 |
_a202311 _bLúcia _c55 _dLúcia Elande |
||
| 942 |
_2AGRIS _n0 _cANA |
||
| 999 |
_c219322 _d219322 |
||